Cowes, Isle of Wight... (Record no. 116487)

MARC details
000 -LEADER
fixed length control field 01093cam a22002055a 4500
001 - CONTROL NUMBER
control field L140793
008 - FIXED-LENGTH DATA ELEMENTS--GENERAL INFORMATION
fixed length control field 071011s1893 xxk eng u
035 ## - SYSTEM CONTROL NUMBER
System control number (Sirsi) u140793
041 0# - LANGUAGE CODE
Language code of text/sound track or separate title eng
110 2# - MAIN ENTRY--CORPORATE NAME
Corporate name or jurisdiction name as entry element Richard J. Collier and Henderson
9 (RLIN) 5385
245 00 - TITLE STATEMENT
Title Cowes, Isle of Wight...
Remainder of title particulars, plan and conditions of sale of the valuable freehold, residential, sporting and marine building estate known as Palmers...which will be sold by auction by Messrs. Richard J. Collier and Henderson at Yelf's Hotel, Union Street, Ryde on Monday August 28 1893...
260 ## - PUBLICATION, DISTRIBUTION, ETC.
Place of publication, distribution, etc. S.l.
Name of publisher, distributor, etc. s.n.
Date of publication, distribution, etc. [1893]
300 ## - PHYSICAL DESCRIPTION
Extent [8] p.
Dimensions 30 cm. +
Accompanying material 1 map (col., 67 x 53 cm., folded to 27 x 17 cm.) + 2 sheets (20 x 16 cm. and 18 x 13 cm.)
340 ## - PHYSICAL MEDIUM
Material base and configuration Printed on to fabric, backed by paper
351 ## - ORGANIZATION AND ARRANGEMENT OF MATERIALS
Hierarchical level Single item
500 ## - GENERAL NOTE
General note Item is accompanied by a folded map, a letter from the donor dated 16 September 1957 and a letter thanking the donor dated 30 September 1957.
651 4# - SUBJECT ADDED ENTRY--GEOGRAPHIC NAME
Geographic name Isle of Wight
690 ## - LOCAL SUBJECT ADDED ENTRY--TOPICAL TERM (OCLC, RLIN)
Topical term or geographic name as entry element PROPERTY-PROPERTY ACQUISITION AND DISPOSAL-ACQUISITION AND DISPOSAL AT AUCTION
942 ## - ADDED ENTRY ELEMENTS (KOHA)
Suppress in OPAC 0
Holdings
Withdrawn status Lost status Source of classification or shelving scheme Damaged status Not for loan Home library Current library Shelving location Date acquired Total Checkouts Full call number Barcode Date last seen Copy number Price effective from Koha item type
    Dewey Decimal Classification     Historic collection Historic collection Historic collection 11/10/2007   MAP CABINET DRAWER 6 30013177 06/08/2019 1 06/08/2019 Archive